Avengers Endgame cast (pictures) - Statistics

General Stats
  • This quiz has been taken 57 times
    54 since last reset
  • The average score is 23 of 47
Answer Stats
Picture Hint Answer % Correct
Iron Man Robert Downey Jr.
96%
Spider-Man Tom Holland
96%
Thor Chris Hemsworth
94%
Captain America Chris Evans
92%
Black Widow Scarlett Johansson
88%
Hulk Mark Ruffalo
85%
Hawkeye Jeremy Renner
83%
Star-Lord Chris Pratt
81%
Ant-Man Paul Rudd
79%
Nick Fury Samuel L. Jackson
77%
Doctor Strange Benedict Cumberbatch
75%
Captain Marvel Brie Larson
73%
Loki Tom Hiddleston
73%
Scarlet Witch Elizabeth Olsen
69%
Winter Soldier Sebastian Stan
69%
Groot Vin Diesel
69%
Black Panther Chadwick Boseman
67%
War Machine Don Cheadle
63%
Falcon Anthony Mackie
58%
Thanos Josh Brolin
56%
Rocket Raccoon Bradley Cooper
54%
Drax Dave Bautista
52%
Gamora Zoe Saldana
50%
Pepper Potts Gwyneth Paltrow
44%
Wong Benedict Wong
42%
Hank Pym Michael Douglas
42%
Nebula Karen Gillan
38%
Happy Hogan Jon Favreau
35%
Valkyrie Tessa Thompson
35%
Peggy Carter Hayley Atwell
33%
The Wasp Evangeline Lilly
31%
Maria Hill Cobie Smulders
29%
Janet van Dyne Michelle Pfeiffer
29%
Alexander Pierce Robert Redford
29%
May Parker Marisa Tomei
27%
The Ancient One Tilda Swinton
27%
Okoye Danai Gurira
25%
Mantis Pom Klementieff
25%
Korg Taika Waititi
25%
Shuri Letitia Wright
23%
Ramonda Angela Bassett
19%
Kraglin Sean Gunn
19%
M'Baku Winston Duke
15%
Ned Leeds Jacob Batalon
13%
Frigga Rene Russo
13%
Edwin Jarvis James D'Arcy
10%
Cull-Obsidian Terry Notary
6%
No matching quizzes found
Score Distribution
Percent of People with Each Score
Percentile by Number Answered
Your Score History
You have not taken this quiz since the last reset